1888 1811 1118 1469 1713 1229 1961 1776 1638 1783 1615 1383 1002 1016 1311 1002 1909 1319 1427 1898 1079 1395 1894 1558 1922 1478 1729 1692 1218 1883 1407 1729 1697 1342 1838 1263 1366 1958 1831 1791 1856 1289 1129 1317 1690 1879 1083 1412 1656 1904 1994 1410 1827 1618 1883 1409 1677 1323 1679 1154 1840 1465 1640 1703 1632 1790 1775 1984 1568 1258 1010 1189 1366 1494 1152 1414 1682 1915 1758 1618 1224 1013 1608 1601 1598 1627 1527 1295 1328 1940 1438 1473 1233 1441 1004 1380 1466 1228 1390 BCNSPRNW ULIB Ver.6.0+V

เปลี่ยนเป็นภาษาไทย

Change to English
 แสดงรายละเอียดบรรณานุกรม
  กลับหน้าหลัก

Brief Record : Get Marc (ISO 2709) : E-mail record : QR code < ปิดหน้าต่าง
LEADER : 00000nam 2200000uu 4500
001    13399111921
003     ULIB
008    110627s2550||||th 000 0 tha d
020    9789748027791
090    นว.^bส988ล 2550
100 0  โสภี พรรณราย
245 00 ลิลลี่สีกุหลาบ/^cโสภี พรรณราย
250    พิมพ์ครั้งที่ 1
260    กรุงเทพฯ :^bบิวตี้บุ๊ค,^c2550
300    332 หน้า
710 1  บิวตี้บุ๊ค
945    ^p230^l0^i022039
995    ทศพร
999 ^a ใช้งานได้ทุกระบบ
รายการนี้ยังไม่มีแท็ก
คุณยังไม่ได้ล็อกอิน คุณสามารถมีกิจกรรมร่วมกับเว็บไซต์ได้ แต่ต้องล็อกอินก่อน ::
  ล็อกอิน

รายการสื่อสารสนเทศ

ลำดับที่ ประเภท เลขเรียก/บาร์โค้ด สถานที่ สถานะ
- ไม่พบข้อมูล -

รายการใกล้เคียง
    ผู้แต่ง [โสภี พรรณราย]

BibComment


ยังไม่เคยถูกคอมเมนท์

คอมเมนท์ทรัพยากรรายการนี้
  คอมเมนท์: ลิลลี่สีกุหลาบ โส..


 Copyright 2026. Bcnsprnw @Library